[Event "XIV American Continental-ch 2019"]
[Site "Sao Paulo"]
[Date "2019.07.10"]
[Round "8.15"]
[White "Vazquez, Guillermo"]
[Black "Fernandez Reyes, Lisandro"]
[Result "1-0"]
[WhiteElo "2483"]
[BlackElo "2378"]
[Annotator "RC"]
[PlyCount "81"]
[EventDate "2019.07.05"]
[EventType "swiss"]
[EventCountry "BRA"]
[TimeControl "40/5400+30:1800+30"]

1. e4 {[%emt 0:00:00]} c6 {[%emt 0:00:18]} 2. d4 {[%emt 0:00:00]} g6 {[%emt 0:00:14]} 3. Nf3 {[%emt 0:00:39]} Bg7 {[%emt 0:00:13]} 4. h3 {[%emt 0:01:20]} d6 {[%emt 0:01:44]} 5. c4 {[%emt 0:03:23]} Nf6 {[%emt 0:03:18]} 6. Nc3 {[%emt 0:00:09]} O-O {[%emt 0:00:45]} 7. Be2 {[%emt 0:04:05]} e5 {[%emt 0:01:23]} 8. d5 {[%emt 0:01:17]} Na6 {[%emt 0:03:44]} 9. Be3 {[%emt 0:06:59]} Nc5 {[%emt 0:05:51]} 10. Nd2 {[%emt 0:00:48]} a5 {[%emt 0:01:54]} 11. O-O {[%emt 0:03:59]} Bd7 {[%emt 0:04:39]} 12. b3 {[%emt 0:07:44]} Na6 {[%emt 0:02:10]} 13. a3 {[%emt 0:06:00]} Ne8 {[%emt 0:12:26]} 14. b4 {[%emt 0:12:04]} f5 {[%emt 0:03:34]} 15. dxc6 {[%emt 0:07:28]} bxc6 {[%emt 0:02:07]} 16. bxa5 {[%emt 0:00:48]} Qxa5 {[%emt 0:06:49]} 17. Nb3 {[%emt 0:01:08]} Qd8 {[%emt 0:00:13]} 18. c5 {[%emt 0:04:23]} f4 {[%emt 0:01:27]} 19. Bc1 {[%emt 0:00:19]} Be6 {[%emt 0:07:29]} 20. cxd6 {[%emt 0:04:25]} Nxd6 {[%emt 0:02:39]} 21. Bxa6 {[%emt 0:01:41]} Rxa6 {[%emt 0:00:59]} 22. Nc5 {[%emt 0:00:12]} Bc4 {[%emt 0:01:07]} 23. Nxa6 {[%emt 0:00:41]} Bxa6 {[%emt 0:00:10]} 24. Re1 {[%emt 0:00:40]} f3 {[%emt 0:02:16]} 25. Re3 {[%emt 0:04:06]} fxg2 {[%emt 0:00:42]} 26. Kxg2 {[%emt 0:00:22]} Bh6 {[%emt 0:00:43]} 27. Rf3 {[%emt 0:03:57]} Bf4 {[%emt 0:00:25]} 28. Kh1 {[%emt 0:05:10]} Qe7 {[%emt 0:06:21]} 29. Rb1 {[%emt 0:01:42]} Nc4 {[%emt 0:01:26]} 30. a4 {[%emt 0:01:51]} g5 {[%emt 0:04:30]} 31. Kg1 {[%emt 0:02:06]} Kh8 {[%emt 0:05:02]} 32. Ne2 {[%emt 0:01:43]} Qg7 {[%emt 0:03:43]} 33. Ng3 {[%emt 0:01:41]} g4 {[%emt 0:02:47]} 34. hxg4 {[%emt 0:00:27]} Qxg4 {[%emt 0:00:51]} 35. Rb4 {[%emt 0:03:07]} Qg7 {[%emt 0:05:17]} 36. Rc3 {[%emt 0:01:32]} c5 {[%emt 0:00:38]} 37. Rb1 {[%emt 0:01:12]} Qf6 {[%emt 0:00:58]} 38. Rf3 {[%emt 0:00:39]} Rg8 {[%emt 0:02:17]} 39. Rbb3 {[%emt 0:02:58]} Na5 {[%emt 0:01:32]} 40. Rxf4 {[%emt 0:01:10]} Rd8 {[%emt 0:03:39]} 41. Rb8 {[%emt 0:30:30]} 1-0

[Event "XIV American Continental-ch 2019"]
[Site "Sao Paulo"]
[Date "2019.07.11"]
[Round "8.16"]
[White "Roselli Mailhe, Bernardo"]
[Black "Della Morte, German"]
[Result "1-0"]
[WhiteElo "2471"]
[BlackElo "2359"]
[Annotator "ChessBase"]
[PlyCount "107"]
[EventDate "2019.07.05"]
[EventType "swiss"]
[EventCountry "BRA"]
[SourceTitle "playchess.com"]
[Source "ChessBase"]
[SourceQuality "1"]
[TimeControl "40/5400+30:1800+30"]

1. d4 {[%emt 0:00:00]} d6 {[%emt 0:02:05]} 2. c4 {[%emt 0:00:43]} e5 {[%emt 0:00:15]} 3. Nf3 {[%emt 0:00:05]} e4 {[%emt 0:00:27]} 4. Nfd2 {[%emt 0:00:16]} f5 {[%emt 0:06:06]} 5. e3 {[%emt 0:00:05]} Nf6 {[%emt 0:00:07]} 6. Nc3 {[%emt 0:01:20]} g6 {[%emt 0:02:38]} 7. f3 {[%emt 0:06:14]} exf3 {[%emt 0:05:27]} 8. Nxf3 {[%emt 0:01:48]} Bg7 {[%emt 0:09:09]} 9. Bd3 {[%emt 0:00:08]} O-O {[%emt 0:00:44]} 10. O-O {[%emt 0:00:05]} Nc6 {[%emt 0:02:15]} 11. a3 {[%emt 0:04:24]} a5 {[%emt 0:10:30]} 12. b3 {[%emt 0:03:11]} Re8 {[%emt 0:01:14]} 13. Ra2 {[%emt 0:11:03]} Ne4 {[%emt 0:02:04]} 14. Bxe4 {[%emt 0:03:51]} fxe4 {[%emt 0:00:06]} 15. Ne1 {[%emt 0:00:03]} Bf5 {[%emt 0:03:25]} 16. Raf2 {[%emt 0:06:43]} Qg5 {[%emt 0:07:40]} 17. Rf4 {[%emt 0:09:07]} h5 {[%emt 0:01:36]} 18. Nd5 {[%emt 0:05:54]} Rac8 {[%emt 0:00:56]} 19. h4 {[%emt 0:01:27]} Qg3 {[%emt 0:01:34]} 20. Rxf5 {[%emt 0:12:03]} gxf5 {[%emt 0:00:13]} 21. Qxh5 {[%emt 0:00:22]} Rf8 {[%emt 0:03:13]} 22. Nc2 {[%emt 0:00:33]} Qg4 {[%emt 0:03:19]} 23. Qxg4 {[%emt 0:00:49]} fxg4 {[%emt 0:00:04]} 24. Rxf8+ {[%emt 0:00:24]} Rxf8 {[%emt 0:02:17]} 25. Bd2 {[%emt 0:00:40]} Bf6 {[%emt 0:01:41]} 26. Be1 {[%emt 0:00:49]} Bd8 {[%emt 0:00:51]} 27. Kh2 {[%emt 0:05:41]} Rf7 {[%emt 0:07:27]} 28. Nc3 {[%emt 0:08:26]} Ne7 {[%emt 0:06:43]} 29. Nxe4 {[%emt 0:01:16]} Nf5 {[%emt 0:00:14]} 30. g3 {[%emt 0:00:08]} c6 {[%emt 0:01:58]} 31. Kg2 {[%emt 0:11:34]} Kg7 {[%emt 0:01:34]} 32. Nf2 {[%emt 0:01:53]} Nh6 {[%emt 0:00:11]} 33. Bd2 {[%emt 0:00:16]} d5 {[%emt 0:01:43]} 34. Ne1 {[%emt 0:01:31]} Kg6 {[%emt 0:04:42]} 35. e4 {[%emt 0:01:50]} dxe4 {[%emt 0:00:53]} 36. Bxh6 {[%emt 0:00:29]} Kxh6 {[%emt 0:00:07]} 37. Nxg4+ {[%emt 0:00:05]} Kg7 {[%emt 0:02:04]} 38. a4 {[%emt 0:01:25]} Bb6 {[%emt 0:05:45]} 39. c5 {[%emt 0:00:54]} Bc7 {[%emt 0:00:22]} 40. Ne3 {[%emt 0:01:22]} b6 {[%emt 0:01:44]} 41. cxb6 {[%emt 0:08:06]} Bxb6 {[%emt 0:00:07]} 42. g4 {[%emt 0:00:44]} Kf6 {[%emt 0:07:44]} 43. Nf5 {[%emt 0:02:41]} Rd7 {[%emt 0:01:40]} 44. Kg3 {[%emt 0:05:24]} Bxd4 {[%emt 0:08:53]} 45. Kf4 {[%emt 0:00:41]} Bf2 {[%emt 0:00:42]} 46. Ng2 {[%emt 0:01:04]} e3 {[%emt 0:03:20]} 47. g5+ {[%emt 0:05:43]} Ke6 {[%emt 0:12:06]} 48. Ke4 {[%emt 0:02:00]} Rb7 {[%emt 0:00:05]} 49. Nf4+ {[%emt 0:00:27]} Kd7 {[%emt 0:00:04]} 50. g6 {[%emt 0:01:28]} Rb4+ {[%emt 0:01:20]} 51. Kf3 {[%emt 0:00:06]} Ke8 {[%emt 0:01:14]} 52. Ne6 {[%emt 0:02:09]} Rb8 {[%emt 0:02:37]} 53. h5 {[%emt 0:00:56]} Bg1 {[%emt 0:00:39]} 54. h6 {[%emt 0:01:41]} 1-0

[Event "XIV American Continental-ch 2019"]
[Site "Sao Paulo"]
[Date "2019.07.10"]
[Round "8.17"]
[White "Perdomo, Leandro"]
[Black "Santos, Marcus Vinicius More"]
[Result "1-0"]
[WhiteElo "2468"]
[BlackElo "2354"]
[Annotator "ChessBase"]
[PlyCount "55"]
[EventDate "2019.07.05"]
[EventType "swiss"]
[EventCountry "BRA"]
[SourceTitle "playchess.com"]
[Source "ChessBase"]
[SourceQuality "1"]
[TimeControl "40/5400+30:1800+30"]

1. d4 g6 {[%emt 0:00:00]} 2. c4 {[%emt 0:00:00]} Bg7 {[%emt 0:00:00]} 3. Nc3 {[%emt 0:00:00]} d6 {[%emt 0:00:10]} 4. e4 {[%emt 0:00:00]} e5 {[%emt 0:00:19]} 5. d5 {[%emt 0:06:19]} a5 {[%emt 0:00:51]} 6. Bd3 {[%emt 0:04:01]} Na6 {[%emt 0:00:43]} 7. Nge2 {[%emt 0:00:38]} Qh4 {[%emt 0:01:29]} 8. Qa4+ {[%emt 0:22:49]} Bd7 {[%emt 0:02:35]} 9. Qxa5 {[%emt 0:05:53]} Nf6 {[%emt 0:06:36]} 10. O-O {[%emt 0:19:21]} O-O {[%emt 0:04:19]} 11. Nb5 {[%emt 0:01:13]} Nc5 {[%emt 0:05:10]} 12. Qc3 Nfxe4 {[%emt 0:01:56]} 13. Bxe4 {[%emt 0:09:51]} Bxb5 {[%emt 0:05:44]} 14. cxb5 {[%emt 0:02:45]} Qxe4 {[%emt 0:00:16]} 15. Be3 {[%emt 0:01:13]} Qxd5 {[%emt 0:51:57]} 16. Rfd1 {[%emt 0:00:03]} Qe6 {[%emt 0:00:15]} 17. b4 {[%emt 0:01:45]} Rxa2 {[%emt 0:10:04]} 18. bxc5 {[%emt 0:03:44]} Rxe2 {[%emt 0:00:06]} 19. cxd6 e4 {[%emt 0:01:54]} 20. Qxc7 {[%emt 0:05:10]} Bxa1 {[%emt 0:00:34]} 21. Rxa1 {[%emt 0:00:02]} Qe5 {[%emt 0:04:36]} 22. Rd1 {[%emt 0:00:33]} Ra8 {[%emt 0:00:17]} 23. Qc4 {[%emt 0:03:56]} Rb2 {[%emt 0:01:08]} 24. d7 {[%emt 0:00:51]} Rd8 {[%emt 0:00:28]} 25. Qc8 {[%emt 0:10:12]} Qf6 {[%emt 0:00:10]} 26. b6 {[%emt 0:00:46]} Kg7 {[%emt 0:00:50]} 27. h4 {[%emt 0:01:29]} h6 {[%emt 0:00:31]} 28. Bd4 {[%emt 0:00:17]} 1-0

[Event "XIV American Continental-ch 2019"]
[Site "Sao Paulo"]
[Date "2019.07.10"]
[Round "8.18"]
[White "Cubas, Jose Fernando"]
[Black "Palacio, Igor Da Paz"]
[Result "1-0"]
[WhiteElo "2493"]
[BlackElo "2098"]
[Annotator "TA"]
[PlyCount "63"]
[EventDate "2019.07.05"]
[EventType "swiss"]
[EventCountry "BRA"]
[SourceTitle "playchess.com"]
[Source "ChessBase"]
[SourceQuality "1"]

{[%evp 15,63,0,29,0,14,5,41,38,39,30,137,133,131,93,131,106,107,97,144,120,128,112,171,86,89,101,105,97,235,228,221,227,622,293,268,168,175,168,170,176,172,163,275,290,467,464,575,437,456,361]} 1. d4 Nf6 2. Nc3 d6 3. e4 g6 4. f4 Bg7 5. Nf3 O-O 6. Bd3 Nc6 7. Be3 Ng4 8. Bg1 e5 9. d5 {And now h3 would win. B09: Pirc Defence: Austrian Attack} (9. fxe5 dxe5 10. d5 Nd4 11. h3 Nh6 12. Bc4 Kh8 13. Qd3 Nxf3+ 14. gxf3 f5 15. O-O-O Nf7 16. h4 Nd6 17. h5 g5 18. h6 {½-½ (58) Paehtz,E (2459)-Fressinet,L (2676) Douglas 2016}) 9... Nd4 10. h3 Nxf3+ (10... Nf6 {is more complex.} 11. fxe5 dxe5 12. Qd2 Nxf3+ 13. gxf3 c6) 11. Qxf3 {White is slightly better.} Nf6 12. fxe5 dxe5 (12... Nd7 $11 {remains equal.}) 13. Bc5 $16 Re8 14. O-O c6 $146 ({Predecessor:} 14... Kh8 15. Ne2 Nd7 16. Be3 Rf8 {1-0 (30) Cimra,J (2275)-Pierecker,M (2235) Bratislava 1992}) 15. Rad1 Qc7 {and if ...cxd5 works, Black does fine.} 16. Qf2 b6 17. Be3 cxd5 18. exd5 {d6! is the strong threat.} Rf8 19. Bg5 (19. Qh4 $1 $18 Nh5 20. d6) 19... Ne8 20. d6 $1 {[%cal Rd6c7]} Nxd6 21. Nd5 Qb7 (21... Qc5 $16 22. Qxc5 bxc5) 22. Nf6+ $18 Bxf6 23. Qxf6 {[%mdl 64] Double Attack} ({Don't play} 23. Bxf6 $6 Ne4 $16) 23... Qd5 $2 {[#]} (23... Ne8 24. Qxe5 Qc7) 24. Bxg6 (24. Bc4 $142 $1 {[%mdl 512]} Qc5+ (24... Qxc4 25. Rxd6) 25. Rf2) 24... Qe6 25. Rxd6 $40 {[%mdl 128] White is out for blood.} Qxf6 26. Rdxf6 ({But not} 26. Bxf6 $6 fxg6 27. Bxe5 Rxf1+ 28. Kxf1 Ba6+ 29. Kf2 Re8 $16) 26... hxg6 {[#]} 27. Bh6 $1 {[%cal Rh6f8]} Ba6 28. R1f2 e4 (28... Rfb8 $142 29. Rxf7 Rb7) 29. Bxf8 e3 $2 (29... Rxf8 {was necessary.} 30. R2f4 Kg7) 30. R2f3 {White is clearly winning.} Kxf8 31. Rxe3 Rd8 32. Rf2 {Accuracy: White = 61%, Black = 35%.} 1-0

[Event "XIV American Continental-ch 2019"]
[Site "Sao Paulo"]
[Date "2019.07.10"]
[Round "8.19"]
[White "Molina, Roberto Junio Brito"]
[Black "Brito, Luismar"]
[Result "1/2-1/2"]
[WhiteElo "2464"]
[BlackElo "2298"]
[Annotator "TA"]
[PlyCount "76"]
[EventDate "2019.07.05"]
[EventType "swiss"]
[EventCountry "BRA"]
[SourceTitle "playchess.com"]
[Source "ChessBase"]
[SourceQuality "1"]

{[%evp 14,76,31,31,32,42,37,29,38,42,86,79,107,62,80,0,-6,-9,-2,0,0,0,0,0,0,0,0,0,0,0,0,0,0,0,0,-17,0,0,0,0,12,0,11,-5,10,0,0,0,0,0,0,0,0,0,0,0,0,0,0,0,0,-15,-16,-21,0]} 1. d4 Nf6 2. c4 e6 3. Nc3 Bb4 4. Qc2 c5 5. dxc5 Bxc5 6. Nf3 Nc6 7. Bg5 h6 8. Bh4 a6 {E38: Nimzo-Indian: Classical: 4...c5} (8... O-O 9. e3 Be7 10. Be2 d5 11. O-O Nb4 12. Qb3 Ne4 13. Bxe7 Qxe7 14. a3 Nxc3 15. bxc3 Na6 16. cxd5 Nc5 17. Qa2 exd5 18. Qxd5 {½-½ (71) Van Wely,L (2691)-Miezis,N (2580) Istanbul 2012}) 9. e3 b6 10. Be2 Bb7 {White has an edge.} 11. O-O $146 ({Predecessor:} 11. Rd1 Be7 12. O-O O-O 13. Rd2 Qc7 14. Rfd1 d6 15. Bxf6 gxf6 16. Nd5 {1-0 (28) Vlatkovic,M (2361)-Stanojevic,B (2228) Petrovac 2015}) 11... Qc7 12. Rfd1 Be7 13. Rac1 Rc8 14. Nb5 ({White should play} 14. Qd3 $16) 14... axb5 $11 {The position is equal.} 15. cxb5 O-O 16. bxc6 Bxc6 17. Nd4 Qb7 18. Nxc6 Rxc6 19. Qb3 d5 20. Qb5 Rfc8 21. Rxc6 Rxc6 22. Bd3 Rc5 23. Qa4 Ra5 24. Qb3 Qc6 (24... g5 $5 25. Bg3 $8 Ne4 $11) 25. a3 Rc5 (25... g5 $5 26. Bg3 $8 Bd6 $11) 26. f3 Kf8 27. Bf2 Rc1 28. Kf1 Bd6 29. h3 e5 30. Ke2 {Threatening Rxc1.} e4 31. fxe4 dxe4 32. Bb5 Qc5 33. Rxc1 Qxc1 34. Bc4 Nd7 35. Be1 Ne5 36. Ba6 {[#]} Nd3 $1 {[%csl Gd3][%cal Rc1e1][%mdl 512]} 37. Bc3 (37. Bxd3 exd3+) 37... Bc5 38. Bd2 {Strongly threatening Qd5.} Qxb2 {Accuracy: White = 69%, Black = 56%.} 1/2-1/2

[Event "XIV American Continental-ch 2019"]
[Site "Sao Paulo"]
[Date "2019.07.10"]
[Round "8.20"]
[White "Matsuura, Everaldo"]
[Black "Cadilhac, Igor Tokuichi Kikuch"]
[Result "0-1"]
[WhiteElo "2459"]
[BlackElo "2291"]
[Annotator "ChessBase"]
[PlyCount "74"]
[EventDate "2019.07.05"]
[EventType "swiss"]
[EventCountry "BRA"]
[SourceTitle "playchess.com"]
[Source "ChessBase"]
[SourceQuality "1"]
[TimeControl "40/5400+30:1800+30"]

1. d4 {[%emt 0:00:03]} Nf6 {[%emt 0:00:00]} 2. c4 {[%emt 0:00:08]} e6 {[%emt 0:00:00]} 3. Nc3 {[%emt 0:00:10]} Bb4 {[%emt 0:00:51]} 4. e3 {[%emt 0:00:10]} O-O {[%emt 0:00:11]} 5. Bd3 {[%emt 0:01:23]} d5 {[%emt 0:01:32]} 6. Nf3 {[%emt 0:00:16]} dxc4 {[%emt 0:01:47]} 7. Bxc4 {[%emt 0:00:11]} c5 {[%emt 0:00:04]} 8. O-O {[%emt 0:00:23]} cxd4 {[%emt 0:00:10]} 9. exd4 {[%emt 0:00:08]} Nc6 {[%emt 0:01:44]} 10. Bg5 {[%emt 0:00:24]} Be7 {[%emt 0:01:13]} 11. Re1 {[%emt 0:02:04]} b6 {[%emt 0:07:43]} 12. a3 {[%emt 0:03:53]} Bb7 {[%emt 0:01:36]} 13. Ba2 {[%emt 0:01:59]} Nd5 {[%emt 0:08:59]} 14. Bxd5 {[%emt 0:04:53]} Bxg5 {[%emt 0:00:11]} 15. Be4 {[%emt 0:00:21]} Bf6 {[%emt 0:01:52]} 16. Qd3 {[%emt 0:10:59]} g6 {[%emt 0:01:21]} 17. Rad1 {[%emt 0:03:36]} Qb8 {[%emt 0:04:19]} 18. d5 {[%emt 0:03:15]} exd5 {[%emt 0:00:18]} 19. Bxd5 {[%emt 0:04:06]} Ne7 {[%emt 0:07:53]} 20. Bxb7 {[%emt 0:23:23]} Qxb7 {[%emt 0:00:09]} 21. Ne4 {[%emt 0:00:37]} Bg7 {[%emt 0:25:50]} 22. Nd6 {[%emt 0:03:06]} Qc7 {[%emt 0:01:48]} 23. Ng5 {[%emt 0:17:52]} Rad8 {[%emt 0:09:49]} 24. Qh3 {[%emt 0:00:30]} h6 {[%emt 0:00:21]} 25. Ngxf7 {[%emt 0:00:33]} Rxf7 {[%emt 0:00:18]} 26. Nxf7 {[%emt 0:01:09]} Kxf7 {[%emt 0:02:10]} 27. Qe6+ {[%emt 0:09:05]} Kf8 {[%emt 0:00:21]} 28. h4 {[%emt 0:01:18]} Rxd1 {[%emt 0:09:31]} 29. Rxd1 {[%emt 0:00:12]} Bxb2 {[%emt 0:00:08]} 30. Re1 {[%emt 0:06:28]} Bxa3 {[%emt 0:04:49]} 31. Qe3 {[%emt 0:00:39]} Bd6 {[%emt 0:02:14]} 32. Qxh6+ {[%emt 0:00:06]} Kg8 {[%emt 0:00:01]} 33. Rc1 {[%emt 0:01:27]} Bh2+ {[%emt 0:01:32]} 34. Kh1 {[%emt 0:00:34]} Qf4 {[%emt 0:00:10]} 35. Rc8+ {[%emt 0:01:10]} Nxc8 {[%emt 0:00:08]} 36. Qxg6+ {[%emt 0:00:05]} Kf8 {[%emt 0:00:27]} 37. Qc6 {[%emt 0:01:18]} Ne7 {[%emt 0:02:32]} 0-1

[Event "XIV American Continental-ch 2019"]
[Site "Sao Paulo"]
[Date "2019.07.10"]
[Round "8.21"]
[White "Abdalla, Luiz Guilherme Aurel"]
[Black "Sanchez Alvarez, Roberto Carlos"]
[Result "1-0"]
[WhiteElo "2245"]
[BlackElo "2434"]
[Annotator "TA"]
[PlyCount "41"]
[EventDate "2019.07.05"]
[EventType "swiss"]
[EventCountry "BRA"]
[SourceTitle "playchess.com"]
[Source "ChessBase"]
[SourceQuality "1"]

{[%evp 21,93,0,9,4,15,11,16,-18,-20,-27,-27,-27,-24,-19,0,3,121,142,141,22,21,22,22,22,22,22,28,16,29,5,8,-26,22,22,10,0,0,0,25,25,37,47,47,69,37,19,36,0,0,-41,0,0,50,54,229,210,289,239,227,256,489,408,1161,1178,2197,2052,2038,2099,1625,1593,6115,3036,6275,6060]} 1. d4 Nf6 2. c4 e6 3. Nf3 b6 4. g3 Ba6 5. b3 Bb4+ 6. Bd2 Be7 7. Nc3 d5 8. cxd5 exd5 9. Bg2 O-O 10. Ne5 Bb7 11. O-O Nbd7 12. Nd3 {E15: Queen's Indian: 4 g3 sidelines, 4 g3 Ba6 and 4 g3 Bb7 early deviations} (12. Qc2 Re8 13. Rad1 c6 14. e4 Nf8 15. Rfe1 Ne6 16. Bc1 Rc8 17. a3 Bd6 18. Nf3 c5 19. dxc5 Rxc5 {½-½ (43) Matlakov,M (2701)-Bosiocic,M (2602) Moscow 2017}) 12... Re8 13. b4 Ne4 $146 ({Predecessor:} 13... c6 14. Qb3 Nf8 15. Bg5 Ne6 16. Bxf6 Bxf6 17. e3 Rc8 18. Rac1 b5 19. Ne2 Rc7 {1-0 (36) Aseev,K (2535)-Golovchenko,G (2320) St Petersburg 2003}) 14. Nxe4 {The position is equal.} dxe4 15. Nf4 Nf6 16. e3 Bd6 17. Nh5 Nd5 (17... Bd5 {seems wilder.} 18. a4 g6 19. Nxf6+ Qxf6 20. Bc3 Qe7) 18. f3 Nxb4 (18... f5 $11 {keeps the balance.}) 19. fxe4 $16 Bxe4 20. Bxe4 (20. Bxb4 $16 Bxb4 21. Qb3 $1 {[%mdl 512]} (21. Bxe4 Rxe4 22. Rxf7 Kxf7 $11)) 20... Rxe4 $11 21. Bxb4 {Played: Rf1xf7} 1-0

[Event "XIV American Continental-ch 2019"]
[Site "Sao Paulo"]
[Date "2019.07.10"]
[Round "8.22"]
[White "Bittencourt, Jorge"]
[Black "Martins, Carlos"]
[Result "1/2-1/2"]
[WhiteElo "2433"]
[BlackElo "2238"]
[Annotator "RC"]
[PlyCount "63"]
[EventDate "2019.07.05"]
[EventType "swiss"]
[EventCountry "BRA"]
[TimeControl "40/5400+30:1800+30"]

1. Nf3 {[%emt 0:00:00]} Nf6 {[%emt 0:06:02]} 2. c4 {[%emt 0:02:22]} e6 {[%emt 0:02:36]} 3. g3 {[%emt 0:00:56]} b6 {[%emt 0:01:02]} 4. Bg2 {[%emt 0:01:01]} Bb7 {[%emt 0:00:03]} 5. O-O {[%emt 0:00:09]} Be7 {[%emt 0:01:01]} 6. d4 {[%emt 0:03:24]} O-O {[%emt 0:00:08]} 7. Nc3 {[%emt 0:03:22]} Ne4 {[%emt 0:01:05]} 8. Bd2 {[%emt 0:00:14]} f5 {[%emt 0:01:00]} 9. d5 {[%emt 0:07:03]} Bf6 {[%emt 0:08:50]} 10. Rc1 {[%emt 0:05:07]} Na6 {[%emt 0:16:34]} 11. Be1 {[%emt 0:18:23]} Nac5 {[%emt 0:09:05]} 12. Nd4 {[%emt 0:06:06]} Nxc3 {[%emt 0:12:22]} 13. Bxc3 {[%emt 0:00:10]} a5 {[%emt 0:01:50]} 14. dxe6 {[%emt 0:14:56]} Bxg2 {[%emt 0:02:29]} 15. e7 {[%emt 0:01:06]} Qxe7 {[%emt 0:00:22]} 16. Kxg2 {[%emt 0:00:16]} g6 {[%emt 0:06:25]} 17. e3 {[%emt 0:06:47]} d6 {[%emt 0:02:22]} 18. Nb5 {[%emt 0:02:11]} Bxc3 {[%emt 0:00:47]} 19. Nxc3 {[%emt 0:00:24]} Qf7 {[%emt 0:03:55]} 20. b3 {[%emt 0:01:04]} Rae8 {[%emt 0:01:04]} 21. Qd5 {[%emt 0:05:01]} Re5 {[%emt 0:04:35]} 22. Qxf7+ {[%emt 0:00:38]} Kxf7 {[%emt 0:00:31]} 23. Nd5 {[%emt 0:01:07]} Rc8 {[%emt 0:00:20]} 24. Rfd1 {[%emt 0:00:32]} h5 {[%emt 0:02:24]} 25. h4 {[%emt 0:00:35]} Ke6 {[%emt 0:05:34]} 26. Kf1 {[%emt 0:05:04]} Kd7 {[%emt 0:00:27]} 27. Ke2 {[%emt 0:01:06]} Re6 {[%emt 0:00:37]} 28. f3 {[%emt 0:02:25]} Rb8 {[%emt 0:01:56]} 29. Nf4 {[%emt 0:02:35]} Rf6 {[%emt 0:00:03]} 30. Nd5 {[%emt 0:00:10]} Re6 {[%emt 0:00:02]} 31. Nf4 {[%emt 0:03:14]} Rf6 {[%emt 0:00:02]} 32. Nd5 1/2-1/2

[Event "XIV American Continental-ch 2019"]
[Site "Sao Paulo"]
[Date "2019.07.10"]
[Round "8.23"]
[White "Almiron, Antonio"]
[Black "Tsuboi, Edson Kenji"]
[Result "0-1"]
[WhiteElo "2402"]
[BlackElo "2233"]
[Annotator "TA"]
[PlyCount "86"]
[EventDate "2019.07.05"]
[EventType "swiss"]
[EventCountry "BRA"]
[SourceTitle "playchess.com"]
[Source "ChessBase"]
[SourceQuality "1"]

{[%evp 14,86,8,5,14,0,7,0,20,12,10,0,3,4,11,2,15,-8,47,49,35,14,43,0,8,-109,-109,-111,-109,-116,-120,-139,-112,-116,-114,-126,-93,-95,-90,-103,-95,-102,-97,-116,-91,-104,-28,-28,-27,-28,-12,-25,-16,-100,-100,-100,-93,-93,-93,-93,-93,-93,-79,-93,-82,-104,-82,-93,-93,-1582,-868,-29978,-29979,-29986,-29987]} 1. d4 Nf6 2. Nf3 e6 3. e3 b6 4. Bd3 Bb7 5. O-O d5 6. b3 Bd6 7. c4 Nbd7 8. Bb2 Ne4 {E14: Queen's Indian: Classical Variation (4 e3)} 9. Nbd2 Qe7 (9... O-O 10. cxd5 exd5 11. Ne5 Qe7 12. Ndf3 Nb8 13. Be2 f6 14. Nd3 a5 15. Re1 a4 16. Rc1 a3 17. Ba1 Na6 {1-0 (69) Artemiev,V (2736)-Van Foreest,L (2515) Skopje 2019}) 10. Qe2 $146 ({Predecessor:} 10. Qc2 f5 11. Ne5 O-O 12. f3 Nxd2 13. Qxd2 Nxe5 14. dxe5 Bc5 15. f4 {0-1 (49) Robinson,S-Doyle,J Clarkston 1998}) 10... a6 {The position is equal.} 11. Rac1 O-O 12. Rc2 Rfd8 13. Rfc1 c5 14. Nf1 f5 (14... dxc4 {is interesting.} 15. bxc4 f5 16. Rd1 Rac8 17. Rcc1 Ndf6) 15. Ne5 (15. a4 {is more complex.} h6 16. Ng3 g6 17. cxd5 exd5 18. Qe1) 15... Nxe5 (15... cxd4 $11 16. Nxd7 dxc4 17. Bxc4 Rxd7 18. exd4 b5) 16. dxe5 $14 Bc7 17. f3 g6 18. Kh1 dxc4 19. bxc4 {[#]} (19. Bxc4 $11 b5 20. Bd3) 19... Nf2+ $1 $17 {[%mdl 576] Deflection} 20. Qxf2 {And now Rd2 would win.} Rxd3 21. Rd2 Rxd2 22. Qxd2 Rd8 23. Qc2 Qd7 24. Kg1 Qd3 25. Qxd3 Rxd3 26. Kf2 Bc6 27. Ke2 Rd7 28. Nd2 Kf7 29. e4 fxe4 ({Black should try} 29... g5 $17) 30. Nxe4 $11 Bxe4 31. fxe4 $17 {[%mdl 4096] Endgame KRB-KRB} Bd8 32. Bc3 b5 33. Bd2 {[#]} (33. cxb5 $11 {remains equal.} axb5 34. a3) 33... Rxd2+ $1 {[%mdl 576] Remove Defender} 34. Kxd2 {aiming for cxb5. KR-KB} Bg5+ 35. Kc2 {Strongly threatening Rd1.} Bxc1 36. Kxc1 {KP-KP} Ke7 ({Don't play} 36... bxc4 $6 37. Kd2 $11) 37. Kc2 Kd7 38. Kc3 Kc6 39. Kb3 Kb6 40. g4 g5 41. h3 $2 {[%mdl 8192] [#]} (41. Kc3 $17) 41... Ka5 $1 $19 42. a3 h6 43. a4 b4 {Accuracy: White = 31%, Black = 54%.} 0-1